Diez competencias docentes para ser mejor profesor de Educación Física: la gestión didáctica de la clase
Gespeichert in:
| 1. Verfasser: | |
|---|---|
| Format: | Buch |
| Sprache: | Spanisch |
| Veröffentlicht: |
Barcelona
INDE
2013
|
| Ausgabe: | 1a. ed |
| Schlagworte: | |
| Tags: |
Tag hinzufügen
Keine Tags, Fügen Sie den ersten Tag hinzu!
|
MARC
| LEADER | 00000cam a2200000 a 4500 | ||
|---|---|---|---|
| 001 | UCD7269 | ||
| 003 | CL-VaPUC | ||
| 008 | 170317e20130000sp |||||||||||||||||spa|d | ||
| 020 | |a 9788497293259 | ||
| 082 | 0 | 4 | |a 372.86 |b BLA |2 21 |
| 100 | 0 | |a Blázquez Sánchez, Domingo |e author |9 591228 | |
| 245 | 1 | 0 | |a Diez competencias docentes para ser mejor profesor de Educación Física: la gestión didáctica de la clase |
| 250 | |a 1a. ed | ||
| 300 | |a 277 p | ||
| 942 | |c BK | ||
| 945 | |d 20170317 22:16:00 |a dcastane | ||
| 260 | |a Barcelona |b INDE |c 2013 | ||
| 650 | 0 | |a Educación física |9 240893 | |
| 650 | 7 | |a ENSEÑANZA DE LA EDUCACION FISICA |2 CL-VaPUC |9 394746 | |
| 650 | 0 | |a Formación profesional de profesores |9 307493 | |
| 650 | 7 | |a PROFESORES DE EDUCACION FISICA |2 CL-VaPUC |9 591229 | |
| 583 | |a last modification |c 20170317 22:16:00 |k Rodrigo Vera | ||
| 999 | |c 367331 |d 367329 | ||
| 952 | |0 0 |1 0 |3 erb |4 0 |6 372_860000000000000_BLA_2013 |7 0 |8 A |9 482160 |a BIBEDU |b BIBEDU |i 5366194 |o 372.86 BLA 2013 |p 5366194 |r 2019-11-24 |w 2019-11-24 |y BK |z Catalogado en:20170317 |k EFI | ||